Convergencia de medios : la integración tecnológica en la era digital /
Obra en que se analiza el cambio social que han traído consigo, por un lado, la comercialización cotidiana de nuevos dispositivos comunicación que "facilitan la vida" y, por otro, la disolución de fronteras entre los diversos soportes electrónicos.
Сохранить в:
| Главный автор: | |
|---|---|
| Другие авторы: | |
| Формат: | |
| Язык: | испанский |
| Опубликовано: |
Barcelona, España :
Icaria : Universidad Nacional de Educación a Distancia,
2007, c2007
|
| Серии: | (Programa Modular en Tecnologías Digitales y Sociedad del Conocimiento)
(Icaria. Sociedad del Conocimiento) |
| Предметы: | |
| Метки: |
Нет меток, Требуется 1-ая метка записи!
|
MARC
| LEADER | 00000nam^a2200000^a^4500 | ||
|---|---|---|---|
| 001 | 000286885 | ||
| 005 | 20250521000000.0 | ||
| 009 | 20260310111821.712 | ||
| 020 | |a 978-84-7426-958-1 | ||
| 037 | |a Acervo ITESO - Biblioteca | ||
| 041 | |a ESP | ||
| 082 | |a 302. 237 |b OSU | ||
| 100 | |a Osuna Acedo, Sara |e (autor) | ||
| 245 | 1 | 0 | |a Convergencia de medios : |b la integración tecnológica en la era digital / |c S. Osuna Acedo, C. Busón Buesa. |
| 264 | 4 | |a Barcelona, España : |b Icaria : |b Universidad Nacional de Educación a Distancia, |c 2007, c2007 | |
| 300 | |a 158 p. | ||
| 336 | |a texto |b txt |2 rdacontenido | ||
| 337 | |a sin mediación |b n |2 rdamedio | ||
| 338 | |a volumen |b nc |2 rdasoporte | ||
| 440 | 1 | |a (Programa Modular en Tecnologías Digitales y Sociedad del Conocimiento) | |
| 440 | 1 | |a (Icaria. |p Sociedad del Conocimiento) | |
| 520 | |a Obra en que se analiza el cambio social que han traído consigo, por un lado, la comercialización cotidiana de nuevos dispositivos comunicación que "facilitan la vida" y, por otro, la disolución de fronteras entre los diversos soportes electrónicos. | ||
| 649 | |a XX | ||
| 650 | |a Información - |x Aspectos Sociales y Culturales | ||
| 650 | |a Interactividad | ||
| 650 | |a Multimedia | ||
| 650 | |a Telefonía Celular - |x Aspectos Sociales y Culturales | ||
| 650 | |a Internet - |x Aspectos Sociales y Culturales | ||
| 650 | |a Tecnologías de Comunicación e Información - |x Aspectos Sociales y Culturales - |x Tema Principal | ||
| 650 | |a Sistemas de Telecomunicación - |x Aspectos Sociales y Culturales | ||
| 650 | |a Medios de Comunicación | ||
| 650 | |a Desarrollo Tecnológico | ||
| 650 | |a Tecnología y Sociedad | ||
| 650 | |a Cambios Sociales y Culturales | ||
| 650 | |a Sociología de la Comunicación | ||
| 650 | |a Ingeniería Computacional - |x Aspectos Sociales y Culturales | ||
| 700 | |a Busón Buesa, Carlos |e (autor) | ||
| 910 | |a Fondo General | ||
| 920 | |a Impresos - Libros | ||
| 930 | |a Colección General | ||
| 905 | |a 101 | ||
| 901 | |a 0500173813 |b IT1 |c ACC |u 20250521 | ||
| 902 | |a https://opac.biblio.iteso.mx/vufind/Record/000286885 | ||